| 000 | 00715nam a22002417a 4500 | ||
|---|---|---|---|
| 005 | 20170124110236.0 | ||
| 010 | _aA-436461 | ||
| 020 |
_c00.00 _a0721669417 |
||
| 035 | _aA-436461 | ||
| 037 | _bCen Lib/Ret | ||
| 040 |
_aDPL _bEN |
||
| 082 |
_a574.5 _bODU |
||
| 100 |
_aOdum, Eugene P. _942049 |
||
| 245 |
_aFundamentals of ecology / _cby Eugene P. Odum |
||
| 250 | _a3rd ed | ||
| 260 |
_aPhiladelphia _bSaunders College Publishing _c1971 |
||
| 270 | _bPhiladelphia | ||
| 300 |
_axiv,574p. : _c28m(Hb) _bill. |
||
| 500 | _aIncludes bibliographical references and index | ||
| 650 |
_aEcology _9155 |
||
| 650 |
_aEcology -- Principles and concepts _942050 |
||
| 942 |
_2ddc _cEN _h574.5 _mODU |
||
| 999 |
_c134879 _d134879 |
||